000 00558nam a2200193Ia 4500
005 20260120124623.0
008 008 260114s9999 xx 000 0 eng d
020 _a9780762312474
037 _aEBOOK
040 _aCRL
_beng
_cCRL
041 _aeng
_2eng
084 _qCRL
245 0 _aHuman Factors of Remotely Operated Vehicles
260 _bEmerald Publishing
_c2006
700 _aNancy J. Cooke
_9908476
856 _uhttps://www.emerald.com/insight/publication/doi/10.1016/S1479-3601(2006)7
942 _cEBOOK
999 _c1500369
_d1500369